|
|
|
|
| LEADER |
00000nam0a2200000 4500 |
| 001 |
117371 |
| 005 |
20231101215410.0 |
| 010 |
|
|
|a 5741804365
|
| 035 |
|
|
|a (RuTPU)RU\TPU\book\127047
|
| 090 |
|
|
|a 117371
|
| 100 |
|
|
|a 20070601d2006 km y0rusy50 ca
|
| 101 |
0 |
|
|a rus
|
| 102 |
|
|
|a RU
|
| 105 |
|
|
|a a z 001zy
|
| 200 |
1 |
|
|a Разупрочнение горных пород под действием импульсных электромагнитных полей
|f С. А. Гончаров, П. П. Ананьев, В. Ю. Иванов
|g Московский государственный горный университет
|
| 210 |
|
|
|a Москва
|c Изд-во МГГУ
|d 2006
|
| 215 |
|
|
|a 91 с.
|c ил.
|
| 320 |
|
|
|a Список литературы: с. 89-90.
|
| 330 |
|
|
|a Рассмотрены механизмы разупрочнения горных пород, содержащих минералы-ферромагнетики, а также горных пород-диэлектриков, не обладающих магнитными свойствами, под действием импульсных электромагнитных полей. Для специалистов горной отрасли. Может быть полезна студентам высших учебных заведений, обучающихся по специальности «Физические процессы горного и нефтегазового производства» направления подготовки дипломированных специалистов «Горное дело».
|
| 606 |
1 |
|
|a Горные породы
|x Разрушение
|x Электрический метод
|2 stltpush
|3 (RuTPU)RU\TPU\subj\8032
|9 35526
|
| 610 |
1 |
|
|a минералы-ферромагнетики
|
| 610 |
1 |
|
|a разупрочнение
|
| 610 |
1 |
|
|a импульсные электромагнитные поля
|
| 610 |
1 |
|
|a дислокация
|
| 610 |
1 |
|
|a породы-диэлектрики
|
| 610 |
1 |
|
|a горное дело
|
| 675 |
|
|
|a 622.236.7
|v 3
|
| 700 |
|
1 |
|a Гончаров
|b С. А.
|g Степан Алексеевич
|
| 701 |
|
1 |
|a Ананьев
|b П. П.
|g Петр Петрович
|
| 701 |
|
1 |
|a Иванов
|b В. Ю.
|g Виталий Юрьевич
|
| 712 |
0 |
2 |
|a Московский государственный горный университет
|2 stltpush
|3 (RuTPU)RU\TPU\col\453
|
| 801 |
|
1 |
|a RU
|b 63413507
|c 20070601
|g PSBO
|
| 801 |
|
2 |
|a RU
|b 63413507
|c 20140602
|g PSBO
|
| 942 |
|
|
|c BK
|
| 959 |
|
|
|a 46/20070529
|d 2
|e 105,00
|f ЧЗТЛ:2
|